000 00871nam0a22002411 4500
001 rc\2891943
005 20260408072952.0
035 _a(NLR Aleph) 007044217
090 _a6127128
_c6127128
100 _a20110725d1930 |||y0rusy50 ca
101 0 _arus
102 _aRU
105 _ay z |||||
200 1 _aНаставление по стрелковому делу Р.К.К.А.
_eЧ. 1
_fСССР. Нар. ком. по воен. и мор. дел.
210 _aМосква
_cГос. воен. изд.
_d1930
_eЛенинград
_gЦентр. тип. Наркомвоенмора
215 _d17×11 см
500 0 0 _6z01710
_aВоенные уставы, наставления и т. п.
710 0 1 _aСССР
_3RU\NLR\AUTH\8810063225
_9628051
801 0 _aRU
_bNLR
_gpsbo
801 1 _aRU
_bELAR
_2rusmarc
852 _aNLR
_j31-15/9(1)
942 _cBOOK
980 _aNB